| 000 | 00614nam a2200217 u 4500 | ||
|---|---|---|---|
| 005 | 20221117063507.0 | ||
| 008 | 181017s2008 mx r 000 0 spa d | ||
| 020 | _a9789685950497 | ||
| 035 | _aUPN01000227361 | ||
| 049 | _aI | ||
| 050 | 4 |
_aQC495.5 _bV5.7 |
|
| 100 | 1 |
_aVicent, José Luis _936993 |
|
| 245 | 1 | 0 |
_aSerpentinas / _cJosé Luis Vicent. |
| 260 |
_aMéxico : _bSerpentina, _c2008. |
||
| 300 |
_a23 p. : _bprincipalmente il. col. |
||
| 440 | 0 | _aFarola | |
| 650 | 2 |
_aColores _vLiteratura infantil _921262 |
|
| 650 | 2 |
_aFiguras _vLiteratura infantil _923592 |
|
| 905 | _aInfantil | ||
| 999 |
_c199456 _d199456 |
||